Silenzio e parola: Miscellanea in onore del Card. Michele Pellegrino in occasione del suo 80.compleanno
| Format: | Print Book |
|---|---|
| Language: | Italian |
| Subito Delivery Service: | Order now. |
| Check availability: | HBZ Gateway |
| WorldCat: | WorldCat |
| Interlibrary Loan: | Interlibrary Loan for the Fachinformationsdienste (Specialized Information Services in Germany) |
| Published: |
Leumann <Torino>
Ed. Elle di Ci
1983
|
| In: | Year: 1983 |
| Standardized Subjects / Keyword chains: | B
Pellegrino, Michele 1903-1986
B Catholic theology |
| Further subjects: | B
Collection of essays
B Bibliography |
MARC
| LEADER | 00000cam a22000002c 4500 | ||
|---|---|---|---|
| 001 | 1113479809 | ||
| 003 | DE-627 | ||
| 005 | 20240430204241.0 | ||
| 007 | tu | ||
| 008 | 950206s1983 xx ||||| b 00| ||ita c | ||
| 035 | |a (DE-627)1113479809 | ||
| 035 | |a (DE-576)043479804 | ||
| 035 | |a (DE-599)BSZ043479804 | ||
| 035 | |a (OCoLC)260178083 | ||
| 035 | |a (DE-604)8003880907 | ||
| 040 | |a DE-627 |b ger |c DE-627 |e rakwb | ||
| 041 | |a ita | ||
| 084 | |a 1 |2 ssgn | ||
| 245 | 0 | 0 | |a Silenzio e parola |b Miscellanea in onore del Card. Michele Pellegrino in occasione del suo 80.compleanno |c A cura Facoltà Teologica dell'Italia Settentrionale [Mailand], Sezione diTorino |
| 264 | 1 | |a Leumann <Torino> |b Ed. Elle di Ci |c 1983 | |
| 300 | |a 183 S. | ||
| 336 | |a Text |b txt |2 rdacontent | ||
| 337 | |a ohne Hilfsmittel zu benutzen |b n |2 rdamedia | ||
| 338 | |a Band |b nc |2 rdacarrier | ||
| 583 | 1 | |a Archivierung prüfen |c 20200919 |f DE-640 |z 2 |2 pdager | |
| 583 | 1 | |a Archivierung/Langzeitarchivierung gewährleistet |f SSG |x XA-DE-BW |2 pdager |5 DE-21 | |
| 655 | 7 | |a Bibliografie |0 (DE-588)4006432-3 |0 (DE-627)104814519 |0 (DE-576)208865578 |2 gnd-content | |
| 655 | 7 | |a Aufsatzsammlung |0 (DE-588)4143413-4 |0 (DE-627)105605727 |0 (DE-576)209726091 |2 gnd-content | |
| 689 | 0 | 0 | |d p |0 (DE-588)118790234 |0 (DE-627)079566383 |0 (DE-576)162510896 |2 gnd |a Pellegrino, Michele |d 1903-1986 |
| 689 | 0 | |5 (DE-627) | |
| 689 | 1 | 0 | |d s |0 (DE-588)4030005-5 |0 (DE-627)104452250 |0 (DE-576)208985212 |2 gnd |a Katholische Theologie |
| 689 | 1 | |5 (DE-627) | |
| 935 | |a mteo | ||
| 951 | |a BO | ||
| ACO | |a 1 | ||
| ELC | |b 1 | ||
| ITA | |a 1 |t 1 | ||
| LOK | |0 000 xxxxxcx a22 zn 4500 | ||
| LOK | |0 001 2248463545 | ||
| LOK | |0 003 DE-627 | ||
| LOK | |0 004 1113479809 | ||
| LOK | |0 005 20101002114658 | ||
| LOK | |0 008 950206||||||||||||||||ger||||||| | ||
| LOK | |0 040 |a DE-21 |c DE-627 |d DE-21 | ||
| LOK | |0 852 |a DE-21 | ||
| LOK | |0 852 1 |c 5 E 6892 |9 00 | ||
| LOK | |0 935 |a kram |a konv |a theo |a sepp | ||
| LOK | |0 939 |a 06-02-95 |b l01 | ||
| ORI | |a SA-MARC-ixtheoa001.raw | ||
| STA | 0 | 0 | |a Catholic theology |
| STB | 0 | 0 | |a Théologie catholique |
| STC | 0 | 0 | |a Teología católica |
| STD | 0 | 0 | |a Teologia cattolica |
| STE | 0 | 0 | |a 天主教神学 |
| STF | 0 | 0 | |a 天主教神學 |
| STG | 0 | 0 | |a Teologia católica |
| STH | 0 | 0 | |a Католическое богословие |
| STI | 0 | 0 | |a Καθολική θεολογία |
| SYG | 0 | 0 | |a Pellegrino, Michel,1903-1986,Pellegrino, Michael,1903-1986,Pellegrino, M.,1903-1986 |